000
00233 a2200097 4500
001
40983
100
_a
Syed Ameer Ali
245
_a
Fatawa-i-Alamgiri (Vol-VIII)
260
_a
Lahore
_b
Idara-i-Nashriat Islam
_c
090
_c
25219
_d
25219
942
_a
NUST-CAE
_c
M
_c
16913
999
_c
276056
_d
276056